[Event "Roquetas de Mar Long Memorial op"]
[Site "Roquetas de Mar"]
[Date "2025.05.16"]
[Round "9"]
[White "Kavutskiy, Konstantin"]
[Black "Semprun Martinez, Fernando M"]
[Result "1-0"]
[WhiteElo "2356"]
[BlackElo "2017"]
[PlyCount "61"]
[EventDate "2025.05.10"]
[EventType "swiss"]
[EventRounds "9"]
[EventCountry "ESP"]
[SourceTitle "CB21_2025"]
[SourceDate "2025.05.21"]
[SourceVersion "1"]
[SourceVersionDate "2025.05.21"]
[SourceQuality "1"]

1. e4 e5 2. Nf3 Nc6 3. Bb5 a6 4. Ba4 Nf6 5. 0-0 Be7 6. Re1 b5 7. Bb3 0-0 8. d3 d6 9. c3 Na5 10. Bc2 c5 11. Nbd2 Nc6 12. Nf1 d5 13. exd5 Qxd5 14. Qe2 Bb7 15. Bb3 Qd7 16. Nxe5 Nxe5 17. Qxe5 Bd6 18. Qg5 h6 19. Qh4 Qf5 20. Ng3 Qxd3 21. Bxh6 c4 22. Bxg7 Kxg7 23. Qg5+ Qg6 24. Nf5+ Kh8 25. Qxg6 Bxh2+ 26. Kxh2 fxg6 27. Nh4 Kg7 28. Bc2 Nd5 29. Kg1 Rf6 30. Rad1 Raf8 31. Be4 1-0

[Event "Roquetas de Mar Long Memorial op"]
[Site "Roquetas de Mar"]
[Date "2025.05.13"]
[Round "5"]
[White "Semprun Martinez, Fernando M"]
[Black "Fornieles Bretones, Antonio"]
[Result "0-1"]
[WhiteElo "2017"]
[BlackElo "1828"]
[PlyCount "36"]
[EventDate "2025.05.10"]
[EventType "swiss"]
[EventRounds "9"]
[EventCountry "ESP"]
[SourceTitle "CB21_2025"]
[SourceDate "2025.05.21"]
[SourceVersion "1"]
[SourceVersionDate "2025.05.21"]
[SourceQuality "1"]

1. e4 c5 2. Nf3 g6 3. c3 d5 4. e5 Nc6 5. Bb5 Bd7 6. Bxc6 Bxc6 7. d4 h5 8. dxc5 Nh6 9. Nd4 Rc8 10. e6 Ng4 11. Bf4 Bg7 12. h3 Nf6 13. Qd3 0-0 14. Nd2 Ne4 15. N2f3 Nxc5 16. exf7+ Rxf7 17. Qe3 Rxf4 18. b4 Re4 0-1

[Event "Roquetas de Mar Long Memorial op"]
[Site "Roquetas de Mar"]
[Date "2025.05.11"]
[Round "2"]
[White "Sales Montealegre, Raquel"]
[Black "Semprun Martinez, Fernando M"]
[Result "0-1"]
[WhiteElo "1977"]
[BlackElo "2017"]
[PlyCount "76"]
[EventDate "2025.05.10"]
[EventType "swiss"]
[EventRounds "9"]
[EventCountry "ESP"]
[SourceTitle "CB21_2025"]
[SourceDate "2025.05.21"]
[SourceVersion "1"]
[SourceVersionDate "2025.05.21"]
[SourceQuality "1"]

1. e4 e5 2. d4 exd4 3. Qxd4 Nc6 4. Qe3 Nf6 5. Bd2 Bb4 6. c3 Ba5 7. c4 Bxd2+ 8. Nxd2 d6 9. Ne2 0-0 10. f3 Re8 11. Nc3 Be6 12. 0-0-0 Qe7 13. Qf2 a5 14. g4 a4 15. h4 a3 16. b3 Bd7 17. Qg3 Nb4 18. h5 h6 19. Kb1 Ra5 20. Bh3 c6 21. Rhe1 Rg5 22. f4 Nxh5 23. Qf3 Nxf4 24. Qxf4 Nd3 25. Qf3 Nxe1 26. Rxe1 Qe5 27. Rf1 Re7 28. Kc2 h5 29. Rg1 b5 30. cxb5 cxb5 31. Nd5 Qb2+ 32. Kd3 Ree5 33. Rf1 f6 34. Nxf6+ gxf6 35. Qxf6 Rd5+ 36. exd5 Rxd5+ 37. Ke3 Qxd2+ 38. Kf3 Rd3+ 0-1

[Event "Budapest SixDays 11 IM-A"]
[Site "Budapest"]
[Date "2024.11.25"]
[Round "5"]
[White "Semprun Martinez, Fernando M"]
[Black "Wang, Hao3"]
[Result "0-1"]
[WhiteElo "2025"]
[BlackElo "2095"]
[PlyCount "110"]
[EventDate "2024.11.22"]
[EventType "tourn"]
[EventRounds "9"]
[EventCountry "HUN"]
[SourceTitle "CB49_2024"]
[SourceDate "2024.12.04"]
[SourceVersion "1"]
[SourceVersionDate "2024.12.04"]
[SourceQuality "1"]

1. d4 Nf6 2. c4 e6 3. g3 d5 4. Nf3 Bb4+ 5. Bd2 Be7 6. Bg2 0-0 7. 0-0 c6 8. Qc2 Nbd7 9. Rd1 b6 10. Bf4 Ba6 11. Nbd2 Rc8 12. Rac1 Bb7 13. e4 c5 14. e5 Nh5 15. Be3 cxd4 16. Bxd4 dxc4 17. Qa4 Bc6 18. Qa6 Nc5 19. Bxc5 Bxc5 20. Nxc4 Bd5 21. Nd6 Rc7 22. Nb5 Rd7 23. Nc3 Bc6 24. a3 Qc8 25. Qe2 Rfd8 26. Rxd7 Qxd7 27. Ng5 Bxg2 28. Rd1 Bd5 29. Qxh5 h6 30. Nxd5 exd5 31. Nf3 Qa4 32. Rd2 Qb3 33. Qf5 d4 34. Qd3 Qd5 35. b4 Be7 36. Rc2 a5 37. Rc4 Qa8 38. bxa5 Qxa5 39. a4 Bc5 40. Nd2 Bb4 41. Nf3 Qxa4 42. Qb1 Qa3 43. Rxd4 Rxd4 44. Nxd4 Bc5 45. Nb3 Qb4 46. Qc2 Qe1+ 47. Kg2 Qxe5 48. Qd3 g6 49. h4 h5 50. Nd2 Qd4 51. Qxd4 Bxd4 52. Nb3 Bc3 53. Kf3 Kg7 54. g4 hxg4+ 55. Kxg4 f5+ 0-1

[Event "Budapest SixDays 11 IM-A"]
[Site "Budapest"]
[Date "2024.11.23"]
[Round "3"]
[White "Horvath, David"]
[Black "Semprun Martinez, Fernando M"]
[Result "1-0"]
[WhiteElo "2321"]
[BlackElo "2025"]
[PlyCount "45"]
[EventDate "2024.11.22"]
[EventType "tourn"]
[EventRounds "9"]
[EventCountry "HUN"]
[SourceTitle "CB49_2024"]
[SourceDate "2024.12.04"]
[SourceVersion "1"]
[SourceVersionDate "2024.12.04"]
[SourceQuality "1"]

1. Nf3 c5 2. c4 Nc6 3. d4 cxd4 4. Nxd4 g6 5. e4 Nf6 6. Nc3 d6 7. Be2 Nxd4 8. Qxd4 Bg7 9. Be3 0-0 10. Qd2 Qa5 11. f3 Be6 12. Rc1 Rfc8 13. b3 a6 14. Na4 Qxd2+ 15. Kxd2 Nd7 16. g4 f5 17. gxf5 gxf5 18. Rhg1 Kh8 19. Nc3 fxe4 20. fxe4 Nc5 21. Rxg7 Kxg7 22. Rg1+ Kf8 23. Bh5 1-0

[Event "Budapest SixDays 01 IM-B"]
[Site "Budapest"]
[Date "2024.01.31"]
[Round "8"]
[White "Ihnat, Marek1"]
[Black "Semprun Martinez, Fernando M"]
[Result "1/2-1/2"]
[WhiteElo "2111"]
[BlackElo "2071"]
[PlyCount "91"]
[EventDate "2024.01.27"]
[EventType "tourn"]
[EventRounds "9"]
[EventCountry "HUN"]
[SourceTitle "CBM 218 Extra"]
[Source "ChessBase"]
[SourceDate "2024.03.31"]
[SourceVersion "1"]
[SourceVersionDate "2024.03.31"]
[SourceQuality "1"]

1. e4 e5 2. Nf3 Nc6 3. Bb5 a6 4. Ba4 Nf6 5. 0-0 Be7 6. Re1 b5 7. Bb3 d6 8. c3 0-0 9. h3 Nb8 10. d4 Nbd7 11. Nbd2 Bb7 12. Bc2 Re8 13. Nf1 Bf8 14. Ng3 g6 15. b3 Bg7 16. d5 Nb6 17. Qe2 c5 18. c4 b4 19. Be3 a5 20. a3 Nxe4 21. Bxe4 f5 22. Bxf5 gxf5 23. Nxf5 e4 24. Ng5 Bxa1 25. Rxa1 Qf6 26. Qg4 Kh8 27. Ra2 Bc8 28. Nxe4 Rxe4 29. Qxe4 Bxf5 30. Qf4 Nd7 31. axb4 cxb4 32. Bd4 Ne5 33. g4 Rg8 34. Kh2 Rg5 35. gxf5 Rxf5 36. Bxe5 dxe5 37. Qg3 Rf3 38. Qg2 Qf4+ 39. Kg1 Rxb3 40. Qg4 Qxg4+ 41. hxg4 Rc3 42. Rxa5 Rxc4 43. f3 b3 44. Rb5 Rc3 45. d6 Rd3 46. d7 1/2-1/2

[Event "Budapest SixDays 01 IM-B"]
[Site "Budapest"]
[Date "2024.01.31"]
[Round "7"]
[White "Semprun Martinez, Fernando M"]
[Black "Nemitz, Alfred"]
[Result "1/2-1/2"]
[WhiteElo "2071"]
[BlackElo "2223"]
[PlyCount "106"]
[EventDate "2024.01.27"]
[EventType "tourn"]
[EventRounds "9"]
[EventCountry "HUN"]
[SourceTitle "CBM 218 Extra"]
[Source "ChessBase"]
[SourceDate "2024.03.31"]
[SourceVersion "1"]
[SourceVersionDate "2024.03.31"]
[SourceQuality "1"]

1. d4 Nf6 2. c4 e6 3. g3 Bb4+ 4. Bd2 a5 5. Bg2 d5 6. Qc2 0-0 7. Nf3 b6 8. 0-0 Ra7 9. a3 Bxd2 10. Nbxd2 Bb7 11. Ne5 Nbd7 12. cxd5 Nxe5 13. dxe5 Nxd5 14. e4 Ne7 15. Rfd1 Nc6 16. Nb3 Qe7 17. f4 Raa8 18. Bf1 Rfd8 19. Bb5 Na7 20. Be2 c5 21. a4 Nc6 22. Bb5 Nb4 23. Qe2 Rxd1+ 24. Rxd1 Rd8 25. Rxd8+ Qxd8 26. Qd2 Qxd2 27. Nxd2 Kf8 28. Nc4 Bxe4 29. Nxb6 Bc6 30. Bxc6 Nxc6 31. Nd7+ Ke7 32. Nxc5 f6 33. Nd3 fxe5 34. fxe5 Kf7 35. Kf2 Kg6 36. Kf3 Kf5 37. g4+ Kg5 38. Kg3 h5 39. h4+ Kg6 40. Nf4+ Kf7 41. Nxh5 Nxe5 42. Nf4 Kf6 43. b3 g6 44. h5 gxh5 45. gxh5 Nc6 46. h6 Nd4 47. b4 axb4 48. a5 b3 49. Nd3 Kg6 50. a6 Nc6 51. Kf4 Kxh6 52. Ke3 Kg5 53. Kd2 Kf5 1/2-1/2

[Event "Budapest FS04 IM"]
[Site "Budapest"]
[Date "2023.04.07"]
[Round "7"]
[White "Semprun Martinez, Fernando M"]
[Black "Xie, Felix"]
[Result "0-1"]
[WhiteElo "2127"]
[BlackElo "2227"]
[PlyCount "94"]
[EventDate "2023.04.01"]
[EventType "tourn"]
[EventRounds "11"]
[EventCountry "HUN"]
[SourceTitle "CBM 213 Extra"]
[Source "ChessBase"]
[SourceDate "2023.05.31"]
[SourceVersion "1"]
[SourceVersionDate "2023.05.31"]
[SourceQuality "1"]

1. d4 d5 2. c4 e6 3. Nf3 Nf6 4. g3 Bb4+ 5. Bd2 Be7 6. Bg2 0-0 7. 0-0 c6 8. Qc2 Nbd7 9. Bf4 b6 10. Rd1 Ba6 11. Nbd2 c5 12. Rac1 Qc8 13. e4 dxe4 14. Nxe4 Nxe4 15. Qxe4 Nf6 16. Qe2 cxd4 17. Nxd4 Bb7 18. Nf5 exf5 19. Qxe7 Bxg2 20. Kxg2 Qc6+ 21. Kg1 Rfe8 22. Qd6 Qf3 23. Rd3 Qe2 24. Rd2 Qh5 25. Qd3 Ne4 26. Rdd1 Nc5 27. Qd5 Ne6 28. Re1 Nxf4 29. gxf4 Qg4+ 30. Kh1 Qxf4 31. Re3 Qxf2 32. Re7 Rf8 33. Rxf7 Rxf7 34. Qxa8+ Rf8 35. Qd5+ Kh8 36. Qg2 Qd4 37. b3 f4 38. Rf1 f3 39. Qf2 Qf4 40. Qg3 Qxg3 41. hxg3 g5 42. g4 Rf4 43. Kh2 Rxg4 44. Rxf3 Kg7 45. Rd3 Rf4 46. Rd7+ Rf7 47. Rd6 Rf2+ 0-1

[Event "Budapest SixDays 01 IM-B"]
[Site "Budapest"]
[Date "2023.01.25"]
[Round "5"]
[White "La Barbera, Manfredi"]
[Black "Semprun Martinez, Fernando M"]
[Result "0-1"]
[WhiteElo "1961"]
[BlackElo "2106"]
[PlyCount "108"]
[EventDate "2023.01.23"]
[EventType "tourn"]
[EventRounds "9"]
[EventCountry "HUN"]
[SourceTitle "CBM 212 Extra"]
[Source "ChessBase"]
[SourceDate "2023.03.31"]
[SourceVersion "1"]
[SourceVersionDate "2023.03.31"]
[SourceQuality "1"]

1. e4 c5 2. Nf3 Nc6 3. Nc3 g6 4. d4 cxd4 5. Nxd4 Bg7 6. Be3 Nf6 7. Nxc6 bxc6 8. e5 Nd5 9. Nxd5 cxd5 10. Qxd5 Rb8 11. Bxa7 Rxb2 12. Bc4 e6 13. Qd2 Qc7 14. Bd4 Rb8 15. Bb3 Bxe5 16. Rd1 0-0 17. Bxe5 Qxe5+ 18. Qe3 Qxe3+ 19. fxe3 d5 20. Kf2 Ba6 21. Kg3 Rfc8 22. Kf4 f6 23. Rhe1 e5+ 24. Kf3 Bc4 25. Bxc4 Rxc4 26. Rxd5 Rxc2 27. Re2 e4+ 28. Kf2 Rbb2 29. Rd8+ Kg7 30. Rd7+ Kh6 31. Rxc2 Rxc2+ 32. Kg3 Rxa2 33. Rf7 f5 34. Rc7 Re2 35. Rc3 Kg5 36. Ra3 h6 37. h4+ Kh5 38. Rb3 Rd2 39. Rb1 Re2 40. Rb3 Re1 41. Ra3 Rd1 42. Ra6 Rd3 43. Kf2 g5 44. Rf6 Kxh4 45. Rxf5 Rd2+ 46. Kf1 Kg3 47. Re5 Rf2+ 48. Ke1 Rxg2 49. Rxe4 Kf3 50. Re6 h5 51. Kf1 Rf2+ 52. Kg1 Re2 53. Rf6+ Kg3 54. Kf1 Rxe3 0-1

[Event "Budapest FS10 IM"]
[Site "Budapest"]
[Date "2022.10.02"]
[Round "2"]
[White "Krizsany, Laszlo"]
[Black "Semprun Martinez, Fernando M"]
[Result "1/2-1/2"]
[WhiteElo "2365"]
[BlackElo "2148"]
[PlyCount "66"]
[EventDate "2022.10.01"]
[EventType "tourn"]
[EventRounds "9"]
[EventCountry "HUN"]
[SourceTitle "CBM 210 Extra"]
[Source "ChessBase"]
[SourceDate "2022.11.30"]
[SourceVersion "1"]
[SourceVersionDate "2022.11.30"]
[SourceQuality "1"]

1. d4 Nf6 2. c4 g6 3. Nc3 d5 4. Nf3 Bg7 5. Bg5 Ne4 6. Bh4 Nxc3 7. bxc3 dxc4 8. e3 b5 9. a4 c6 10. Nd2 a6 11. Be2 Ra7 12. Qb1 Qc7 13. 0-0 0-0 14. f4 Nd7 15. Qb4 Nb6 16. Bf3 Nxa4 17. Rxa4 bxa4 18. Nxc4 c5 19. dxc5 Bb7 20. Nb6 a5 21. Qa3 Bxf3 22. gxf3 Rd8 23. c4 Qc6 24. Nd5 Bf6 25. Bxf6 exf6 26. Rb1 Rxd5 27. cxd5 Qxd5 28. c6 Kg7 29. Rb8 Qd1+ 30. Kf2 Qd2+ 31. Kg3 Qe1+ 32. Kg2 Qe2+ 33. Kg3 Qe1+ 1/2-1/2

[Event "Collado Villalba-A 37th"]
[Site "Collado Villalba"]
[Date "2020.08.29"]
[Round "9"]
[White "Zhou, Lulu"]
[Black "Semprun Martinez, Fernando M"]
[Result "1/2-1/2"]
[WhiteElo "2056"]
[BlackElo "2101"]
[PlyCount "115"]
[EventDate "2020.08.22"]
[EventType "tourn"]
[EventRounds "9"]
[EventCountry "ESP"]
[SourceTitle "CBM 198 Extra"]
[Source "ChessBase"]
[SourceDate "2020.11.30"]
[SourceVersion "1"]
[SourceVersionDate "2020.11.30"]
[SourceQuality "1"]

1. e4 c5 2. Nf3 Nc6 3. d4 cxd4 4. Nxd4 Nf6 5. Nc3 d6 6. Bg5 Bd7 7. Qd2 Rc8 8. f4 Nxd4 9. Qxd4 Qa5 10. Bxf6 gxf6 11. Be2 Qc5 12. Qd2 b5 13. Bd3 Bg7 14. Qf2 b4 15. Nd1 f5 16. Qxc5 Rxc5 17. a3 bxa3 18. Rxa3 a5 19. exf5 Bxf5 20. Bxf5 Rxf5 21. Rf1 0-0 22. c3 Rb8 23. Kd2 Rfb5 24. Kc2 d5 25. Ra4 f5 26. g3 Kf7 27. Re1 R8b6 28. Re2 h5 29. Kc1 e6 30. Nf2 Rc6 31. Nd3 d4 32. c4 Rb7 33. Rc2 Rb3 34. Kd2 Rcb6 35. Rxa5 Rxd3+ 36. Kxd3 Rb3+ 37. Kd2 d3 38. Ra7+ Kf8 39. Rc1 Bxb2 40. Rd1 Ba3 41. Ke1 Bb4+ 42. Kf1 d2 43. Rb7 Rb2 44. Kg2 Ke8 45. c5 Kd8 46. c6 Kc8 47. Kh3 Kd8 48. Ra1 Ba3 49. Rxb2 Bxb2 50. Rd1 Bc3 51. Kh4 Kc7 52. Kxh5 Kxc6 53. Kg6 Kd5 54. Kf7 e5 55. fxe5 Kxe5 56. h4 f4 57. gxf4+ Kxf4 58. Kg6 1/2-1/2

[Event "Collado Villalba-A 37th"]
[Site "Collado Villalba"]
[Date "2020.08.26"]
[Round "6"]
[White "Semprun Martinez, Fernando M"]
[Black "Lianes Garcia, Marcos"]
[Result "0-1"]
[WhiteElo "2101"]
[BlackElo "2351"]
[PlyCount "52"]
[EventDate "2020.08.22"]
[EventType "tourn"]
[EventRounds "9"]
[EventCountry "ESP"]
[SourceTitle "CBM 198 Extra"]
[Source "ChessBase"]
[SourceDate "2020.11.30"]
[SourceVersion "1"]
[SourceVersionDate "2020.11.30"]
[SourceQuality "1"]

1. d4 Nf6 2. c4 e6 3. Nf3 d5 4. g3 Bb4+ 5. Bd2 a5 6. Bg2 0-0 7. Bxb4 axb4 8. 0-0 dxc4 9. Ne5 Nc6 10. Nxc6 bxc6 11. Bxc6 Rb8 12. e3 Qd6 13. Bf3 c5 14. dxc5 Qxc5 15. Qc2 Qf5 16. Qxf5 exf5 17. Rc1 Be6 18. Nd2 Rfc8 19. Be2 c3 20. bxc3 bxc3 21. Nb1 c2 22. Nd2 Rb2 23. a4 Ne4 24. Nxe4 fxe4 25. Kf1 Ba2 26. Ke1 Rd8 0-1